| 000 | 02042cam a2200541 a 4500 | ||
|---|---|---|---|
| 001 | 000014529 | ||
| 005 | 20200929163850.0 | ||
| 008 | 950104s1993 ve b 100 0 spa | ||
| 020 | _a9800106626 | ||
| 035 | _a(DLC) 95100402 | ||
| 040 |
_aDO-SdBNP _bspa _cDLC _dDLC _dBNPHU |
||
| 082 |
_a305.4 _bD594m |
||
| 245 | 0 | 0 |
_aDiosas, musas y mujeres / _cV. Acosta ... [et al.]. |
| 260 |
_aCaracas : _bMonte Ávila Editores Latinoamericana, _c1993. |
||
| 300 |
_a278 p. ; _c20 cm. |
||
| 490 | 1 | _aDocumentos | |
| 500 | _aDocumentos presentados en un coloquio, La mujer en la Cultura, celebrada en mayo-junio de 1991, auspiciado por Monte Ávila Editores Latinoamericana y la Dirección de Literatura del Consejo Nacional de la Cultura (CONAC). Cfr.. p. 7. | ||
| 504 | _aContiene referencias bibliográficas. | ||
| 650 | 4 |
_aMujeres _xCondiciones sociales _zAmérica Latina _932873 |
|
| 650 | 4 |
_aLiteratura latinoamericana _xHistoria y crítica _ySIGLO XX _910523 |
|
| 650 | 4 |
_aMujeres en la literatura _91388 |
|
| 650 | 4 |
_aFeminismo y literatura _932874 |
|
| 700 | 1 |
_aAcosta, V. _932875 |
|
| 700 | 1 |
_aTorres, A. T. _932876 |
|
| 700 | 1 |
_aEspina, G. _932877 |
|
| 700 | 1 |
_aRísquez, F. _932878 |
|
| 700 | 1 |
_aNuño. J. _932879 |
|
| 700 | 1 |
_aBoersner, J. _932880 |
|
| 700 | 1 |
_aMuñoz, M. _932881 |
|
| 700 | 1 |
_aVeracoechea, E. Troconis de. _932882 |
|
| 700 | 1 |
_aBriceño, J. Clarac de. _932883 |
|
| 700 | 1 |
_aMérola, G. _932884 |
|
| 700 | 1 |
_aLondoño, L. M. _932885 |
|
| 700 | 1 |
_aJímenez Armas, E. _932886 |
|
| 700 | 1 |
_aAntillano, L. _932887 |
|
| 700 | 1 |
_aPalacios, M. F. _932888 |
|
| 700 | 1 |
_aLópez Sanz, J. _932889 |
|
| 700 | 1 |
_aMiranda, J. _932890 |
|
| 700 | 1 |
_aMaggi, M. E. _932891 |
|
| 700 | 1 |
_aRodríguez, L. _932892 |
|
| 700 | 1 |
_aChocrón, S. _932893 |
|
| 700 | 1 |
_aAcosta, Vladimir. _932894 |
|
| 710 | 1 |
_aMonte Ávila Editores. _932895 |
|
| 710 | 1 |
_aConsejo Nacional de la Cultura (Venezuela). _bDirección de Literatura. _932896 |
|
| 830 | 0 |
_aDocumentos. _91047 |
|
| 910 | _aCatalogación por copia / LC | ||
| 049 | _aBNGR | ||
| 999 |
_c14117 _d14117 |
||